Canadian Policing Why and How It Must Change /

Detalles Bibliográficos
Autor principal: Roach, Kent
Formato: eBook
Lenguaje:inglés
Publicado: Toronto: Irwin Law Inc., 2022
Colección:Irwin Books
Materias:
Acceso en línea:Acceso restringido

MARC

LEADER 00000nam a22000007a 4500
005 20220601194414.0
007 cr|||| ||||
008 220601s2022 ca |||||s|||| 00||0 eng d
020 |a 978-1-55221-655-2 
035 |a 36601 
040 |a vLex 
090 |c 13394  |d 13394 
100 1 |a Roach, Kent 
245 1 0 |a Canadian Policing  |h [Recurso electrn̤ico] :  |b Why and How It Must Change /  |c Kent Roach 
256 |a Servicio en ln̕ea 
260 |a Toronto:  |b Irwin Law Inc.,  |c 2022 
300 |a 1 recurso electrn̤ico 
490 0 |a Irwin Books 
500 |a Canadian Policing: Why and How It Must Change is a comprehensive and critical examination of Canadian policing from its colonial origins to its response to the February 2022 blockades and occupations. Police shootings in June 2020 should dispel any complacency that Canada does not face similar policing problems as the United States, and a vicious circle of overpolicing and underprotection plagues many intersecting disadvantaged groups. Multiple accountability measures — criminal investigations, Charter litigation, complaints, and discipline — have not improved Canadian policing. What is required is more active and proactive governance by the boards, councils, and ministers that are responsible for Canada’s police. Governance should respect law enforcement independence and discretion while rejecting overbroad claims of police operational independence and self-governance. Even before pandemic-related deficits, the costs of the public police were not sustainable — these budgets require fundamental change without expansion. Such change should include greater service delivery by more expert and cost-effective health, social service, and community agencies. Indigenous police services — unfortunately, Canada’s only chronically and unconstitutionally underfunded police services — can also play a positive role. To that end, Canadian Policing: Why and How It Must Change offers concrete proposals for reforms to the RCMP, use of force policies, better community safety plans, and more democratic policing. 
650 0 4 |a Polica̕  |z Canad̀ 
650 0 4 |a Actuaciones Policiales  |z Canad̀ 
650 0 4 |a Orden pb︢lico  |z Canad̀ 
740 0 |a vLex Libros (Servicio en ln̕ea) 
856 4 0 |u https://app.vlex.com/#/sources/36601  |z Acceso restringido 
942 |c BOOK 
999 0 |a Police 
999 0 |a Public policy (Law)